|
|
|
|
| LEADER |
00000nam0a2200000 4500 |
| 001 |
361751 |
| 005 |
20231102011424.0 |
| 035 |
|
|
|a (RuTPU)RU\TPU\retro\19097
|
| 090 |
|
|
|a 361751
|
| 100 |
|
|
|a 20210701d1980 km y0rusy50 ca
|
| 101 |
0 |
|
|a rus
|
| 102 |
|
|
|a BY
|
| 105 |
|
|
|a a z 001zy
|
| 200 |
1 |
|
|a Освоение производства новых изделий
|f Г. И. Меламед, Б. Л. Трембовольский
|
| 210 |
|
|
|a Минск
|c Беларусь
|d 1980
|
| 215 |
|
|
|a 158 с.
|c ил.
|
| 225 |
1 |
|
|a Научно-технический прогресс и качество продукции
|
| 320 |
|
|
|a Библиогр.: с. 155-156
|
| 606 |
1 |
|
|a Машиностроение
|x Наукоемкие (высокие) технологии
|2 stltpush
|3 (RuTPU)RU\TPU\subj\72036
|9 85652
|
| 610 |
1 |
|
|a новые изделия
|
| 610 |
1 |
|
|a производство
|
| 610 |
1 |
|
|a новые технологии
|
| 610 |
1 |
|
|a научно-технический прогресс
|
| 610 |
1 |
|
|a освоение
|
| 610 |
1 |
|
|a качество
|
| 610 |
1 |
|
|a технологическая подготовка
|
| 610 |
1 |
|
|a экономическая эффективность
|
| 610 |
1 |
|
|a АСУП
|
| 675 |
|
|
|a 621.002:658.512
|v 4
|
| 700 |
|
1 |
|a Меламед
|b Г. И.
|g Гавриил сарович
|
| 701 |
|
1 |
|a Трембовольский
|b Б. Л.
|g Борис Леонидович
|
| 801 |
|
1 |
|a RU
|b 63413507
|c 20210701
|
| 942 |
|
|
|c BK
|